[Event "WC-2017-P-00001"]
[Site "LSS email"]
[Date "2017.01.23"]
[Round "?"]
[White "Grammatica, Andrea"]
[Black "Chmela, Zdenek"]
[Result "1/2-1/2"]
[WhiteElo "2276"]
[BlackElo "2172"]
[PlyCount "53"]
[EventDate "2017.02.01"]
[EventType "tourn (corr)"]
[EventRounds "12"]
[EventCountry "GER"]
[SourceTitle "Corr 2022"]
[Source "ChessBase"]
[SourceDate "2021.10.24"]
[SourceVersion "1"]
[SourceVersionDate "2021.10.24"]
[SourceQuality "1"]

1. d4 d5 2. c4 e6 3. Nf3 Nf6 4. g3 dxc4 5. Bg2 Nc6 6. Qa4 Bb4+ 7. Bd2 Nd5 8. Qb5 Bxd2+ 9. Nbxd2 c3 10. bxc3 Nxc3 11. Qd3 Nd5 12. 0-0 0-0 13. Rfc1 Qe7 14. Rab1 Rd8 15. a3 Na5 16. Ne5 f6 17. Ndc4 Nxc4 18. Nxc4 c6 19. a4 a5 20. e3 Kh8 21. Qb3 h6 22. Bf1 e5 23. e4 Nb4 24. dxe5 fxe5 25. Qc3 Rd4 26. Nb6 Rb8 27. Qc5 1/2-1/2

[Event "WC-2017-P-00001"]
[Site "LSS email"]
[Date "2017.01.23"]
[Round "?"]
[White "Herzog, Agnes"]
[Black "Chmela, Zdenek"]
[Result "1/2-1/2"]
[WhiteElo "1914"]
[BlackElo "2172"]
[PlyCount "79"]
[EventDate "2017.02.01"]
[EventType "tourn (corr)"]
[EventRounds "12"]
[EventCountry "GER"]
[SourceTitle "Corr 2022"]
[Source "ChessBase"]
[SourceDate "2021.10.24"]
[SourceVersion "1"]
[SourceVersionDate "2021.10.24"]
[SourceQuality "1"]

1. e4 e6 2. d4 d5 3. Nc3 Nf6 4. Bg5 Be7 5. e5 Nfd7 6. Bxe7 Qxe7 7. f4 a6 8. Nf3 c5 9. dxc5 Nc6 10. Qd2 0-0 11. Bd3 Nxc5 12. 0-0 b5 13. Ne2 Bd7 14. Ned4 Rfc8 15. Nxc6 Rxc6 16. a3 Rc7 17. Nd4 Nxd3 18. Qxd3 b4 19. Rf2 a5 20. axb4 Qxb4 21. c3 Qb8 22. g4 Rb7 23. b3 Qd8 24. f5 Qg5 25. Qg3 h5 26. gxh5 Qxg3+ 27. hxg3 exf5 28. Kg2 Rc7 29. Rfa2 a4 30. bxa4 Rxc3 31. a5 Rc4 32. Nf3 Ra6 33. Rb2 Kf8 34. Kf2 d4 35. Rb8+ Ke7 36. Rb7 Kd8 37. Ra2 Ke8 38. Rb6 Rxb6 39. axb6 Rb4 40. Nxd4 1/2-1/2

[Event "WC-2017-P-00001"]
[Site "LSS email"]
[Date "2017.01.23"]
[Round "?"]
[White "Nowak, Adam"]
[Black "Chmela, Zdenek"]
[Result "1/2-1/2"]
[WhiteElo "2197"]
[BlackElo "2172"]
[PlyCount "99"]
[EventDate "2017.02.01"]
[EventType "tourn (corr)"]
[EventRounds "12"]
[EventCountry "GER"]
[SourceTitle "Corr 2022"]
[Source "ChessBase"]
[SourceDate "2021.10.24"]
[SourceVersion "1"]
[SourceVersionDate "2021.10.24"]
[SourceQuality "1"]

1. d4 d5 2. c4 e6 3. Nf3 Nf6 4. Bg5 dxc4 5. Nc3 c6 6. e4 b5 7. e5 h6 8. Bh4 g5 9. Nxg5 hxg5 10. Bxg5 Nbd7 11. exf6 Bb7 12. g3 c5 13. d5 Qb6 14. Bg2 b4 15. 0-0 0-0-0 16. Na4 Qa6 17. a3 Bxd5 18. Bxd5 Ne5 19. Nxc5 Bxc5 20. Qe2 Rxd5 21. axb4 Qc6 22. bxc5 Rxc5 23. f3 Nd3 24. Be3 Rb5 25. Rac1 Nxc1 26. Rxc1 Rb4 27. Bxa7 Rd8 28. Bf2 Qb5 29. Rc2 Kb7 30. Be1 Ra4 31. b3 Ra3 32. Rxc4 Rxb3 33. Qe4+ Qd5 34. Qc2 Qxf3 35. Rc7+ Kb8 36. Rxf7 Rb7 37. Rxb7+ Kxb7 38. Qg2 Qxg2+ 39. Kxg2 Rf8 40. Bc3 Kc6 41. g4 e5 42. Bxe5 Kd5 43. Bc3 Rg8 44. Kf3 Ke6 45. h4 Rb8 46. Bd4 Rb3+ 47. Kf4 Rd3 48. Bb2 Rd2 49. Bc3 Rd3 50. Bb2 1/2-1/2

[Event "SA-2017-0-00559"]
[Site "LSS email"]
[Date "2017.01.05"]
[Round "?"]
[White "Chmela, Zdenek"]
[Black "Koch, Christian"]
[Result "1/2-1/2"]
[WhiteElo "2180"]
[BlackElo "2273"]
[PlyCount "58"]
[EventDate "2016.12.14"]
[EventType "tourn (corr)"]
[EventRounds "6"]
[EventCountry "GER"]
[SourceTitle "Corr 2022"]
[Source "ChessBase"]
[SourceDate "2021.10.24"]
[SourceVersion "1"]
[SourceVersionDate "2021.10.24"]
[SourceQuality "1"]

1. Nf3 Nf6 2. d4 d5 3. c4 c6 4. e3 Bf5 5. Nc3 e6 6. Nh4 Bg6 7. Nxg6 hxg6 8. Bd2 Nbd7 9. c5 e5 10. b4 a6 11. Bd3 Be7 12. 0-0 e4 13. Bc2 Qc7 14. g3 Nf8 15. f3 exf3 16. Qxf3 Ne6 17. Qg2 Qd7 18. a4 Bd8 19. Rad1 Ng4 20. Qe2 Nc7 21. h4 0-0 22. Qf3 Nf6 23. Kg2 Re8 24. Bd3 Rb8 25. Rb1 Ne6 26. g4 Ra8 27. g5 Nh5 28. Kg1 Bc7 29. Ne2 Re7 1/2-1/2

[Event "SA-2017-0-00559"]
[Site "LSS email"]
[Date "2017.01.05"]
[Round "?"]
[White "Vaassen, Jack M"]
[Black "Chmela, Zdenek"]
[Result "1/2-1/2"]
[WhiteElo "2182"]
[BlackElo "2180"]
[PlyCount "45"]
[EventDate "2016.12.14"]
[EventType "tourn (corr)"]
[EventRounds "6"]
[EventCountry "GER"]
[SourceTitle "Corr 2022"]
[Source "ChessBase"]
[SourceDate "2021.10.24"]
[SourceVersion "1"]
[SourceVersionDate "2021.10.24"]
[SourceQuality "1"]

1. c4 e5 2. Nc3 Nf6 3. Nf3 Nc6 4. e3 Bb4 5. Qc2 Bxc3 6. Qxc3 Qe7 7. d4 Ne4 8. Qd3 exd4 9. Nxd4 0-0 10. Be2 Qb4+ 11. Kf1 Qe7 12. f3 Nc5 13. Qd2 Re8 14. b3 d6 15. Nxc6 bxc6 16. Qc3 a5 17. Bb2 f5 18. Kf2 f4 19. e4 a4 20. b4 a3 21. Qxg7+ Qxg7 22. Bxg7 Nxe4+ 23. fxe4 1/2-1/2